عرض عادي عرض مارك
  • لوكاشوك، إ. إ

مدخل إسم شخص

عدد التسجيلات المستخدمة في: 2

001 - رقم الضبط

  • حقل الضبط: 629

003 - معرف رقم الضبط

  • حقل الضبط: OSt

005 - تاريخ ووقت أخر عملية

  • حقل الضبط: 20110628081201.0

008 - عناصر بيانات ثابتة الطول

  • حقل تحكم ثابت الطول: 110628|||a|||||| | ||| d

040 ## - مصدر الفهرسة

  • هيئة الفهرسة الأصلية: OSt
  • وكالة الكتابة: OSt

100 ## - مدخل -- أسم شخص

  • إسم شخص: لوكاشوك، إ. إ

670 ## - بيانات المصدر موجوده

  • الاستشهاد بالمصدر: Work cat.: (OSt): لوكاشوك، إ. إ , القانون الدولي العام , 2010